[Event "Kamen Piskov mem 2"]
[Site "Ruse"]
[Date "1978.??.??"]
[Round "2"]
[White "Donev, Ivo Hristov"]
[Black "Merdinjan, Agop"]
[Result "0-1"]
[WhiteElo "2200"]
[BlackElo "2315"]

1.e4 c5 2.c3 Nf6 3.e5 Nd5 4.d4 cxd4 5.cxd4 d6 6.Nf3 Bg4 7.Bc4 e6 8.Nc3 Nb6
9.Bb5+ Nc6 10.O-O Be7 11.Bf4 O-O 12.Bxc6 bxc6 13.Rc1 dxe5 14.dxe5 Nd5 15.Nxd5 cxd5
16.Be3 Qa5 17.a3 Rfc8 18.Qd2 Qxd2 19.Nxd2 a5 20.f4 a4 21.Nb1 Be2 22.Rfe1 Bc4
23.Nd2 Bd3 24.Nf3 Rab8 25.Bd4 h6 26.Kf2 g5 27.fxg5 hxg5 28.g4 Kg7 29.Red1 Bc2
30.Rd2 Be4 31.Rdd1 Kg6 32.Ng1 f6 33.exf6 Bxf6 34.Rxc8 Rxc8 35.Bxf6 Kxf6 36.Rd2 Ke5
37.Ne2 Rh8 38.Kg3 Rf8 39.Nd4 Rf1 40.h3 Rg1+ 41.Kh2 Rc1 42.Kg3 Rg1+ 43.Kh2 Re1
44.Ne2 Bf3 45.Ng1 Re3 46.Kg3 Be4+ 47.Kf2 Rb3 48.Ke2 Rg3 49.Kf1 Rb3 50.Kf2 d4
51.Ke2 Rg3 52.Kf1 d3 53.Rd1 Kf4 54.Re1 Rxg1+ 55.Kxg1 d2  0-1

[Event "Kamen Piskov mem 2"]
[Site "Ruse"]
[Date "1978.??.??"]
[Round "6"]
[White "Mihaljcisin, Mihajlo"]
[Black "Szekely, Peter"]
[Result "1/2-1/2"]
[WhiteElo "2380"]
[BlackElo "2440"]

1.e4 c5 2.c3 Nf6 3.e5 Nd5 4.d4 cxd4 5.Bc4 Nb6 6.Bb3 d6 7.Nf3 Nc6 8.exd6 Qxd6
9.cxd4 Bf5 10.Nc3 e6 11.O-O  1/2-1/2

[Event "Sao Paulo"]
[Site "Sao Paulo"]
[Date "1978.??.??"]
[Round "3"]
[White "Castro Rojas, Oscar Humberto"]
[Black "Sunye Neto, Jaime"]
[Result "1-0"]
[WhiteElo "2425"]
[BlackElo "2360"]

1.e4 c5 2.c3 Nf6 3.e5 Nd5 4.Nf3 d6 5.d4 cxd4 6.cxd4 Nc6 7.Bc4 Nb6 8.Bb5 Bd7
9.Nc3 e6 10.O-O a6 11.Bd3 Be7 12.Bf4 dxe5 13.dxe5 Nb4 14.Nd4 N6d5 15.Nxd5 Nxd5
16.Bg3 Qb6 17.Be4 O-O 18.Bxd5 exd5 19.f4 Bg4 20.Qxg4 Qxd4+ 21.Bf2 Qxb2 22.f5 Qxe5
23.Bd4 h5 24.Qd1 Qd6 25.f6 Bxf6 26.Bxf6 gxf6 27.Rf5 Rfe8 28.Qf3 Re6 29.Rf1 Rae8
30.Rxh5 d4 31.Rd5 Qb6 32.Kh1 Kf8 33.h3 Re1 34.Qa3+ R1e7 35.Rd6 Qb5 36.Rdxf6 Qh5
37.R1f5 Qh7 38.Qd6 Qg7  1-0

[Event "Tatran Cup"]
[Site "Strbske Pleso"]
[Date "1978.??.??"]
[Round "11"]
[White "Novak, Ivan"]
[Black "Sikora Lerch, Jan"]
[Result "1/2-1/2"]
[WhiteElo "2355"]
[BlackElo "2415"]

1.e4 c5 2.c3 Nf6 3.e5 Nd5 4.d4 cxd4 5.Nf3 Nc6 6.cxd4 d6 7.exd6 Bg4 8.Nc3 Qxd6
9.Bc4 e6 10.O-O Nxc3 11.bxc3 Be7 12.h3 Bh5 13.Rb1 O-O 14.Qe2 Rac8 15.Bd3 b6
16.Rd1 Rfe8 17.Be3 Bf6 18.Bxh7+ Kxh7 19.Ng5+ Bxg5 20.Qxh5+ Bh6 21.Bxh6 gxh6
22.Qxf7+ Kh8  1/2-1/2

[Event "SWE-ch"]
[Site "SWE"]
[Date "1978.??.??"]
[Round "?"]
[White "Bengtsson, Bo"]
[Black "Rorvall, Goran"]
[Result "1-0"]
[WhiteElo "2350"]
[BlackElo "2350"]

1.e4 c5 2.c3 Nf6 3.e5 Nd5 4.d4 cxd4 5.cxd4 e6 6.Nf3 Nc6 7.Bc4 d6 8.O-O Be7
9.Qe2 O-O 10.Qe4 Ndb4 11.exd6 Qxd6 12.Nc3 f5 13.Qe2 Na5 14.Bf4 Qxf4 15.Bxe6+ Rf7
16.Bxf7+ Kxf7 17.Rfe1 Qd6 18.a3 Na6 19.b4 Nb3 20.Qc4+ Be6 21.Rxe6 Qxe6 22.Ne5+ Kf6
23.Nd5+ Kg5 24.Qxb3  1-0

[Event "URS-ch U26"]
[Site "Vilnius"]
[Date "1978.??.??"]
[Round "8"]
[White "Machulsky, Anatoly D"]
[Black "Zaichik, Gennadi"]
[Result "1/2-1/2"]
[WhiteElo "2350"]
[BlackElo "2470"]

1.e4 c5 2.c3 Nf6 3.e5 Nd5 4.d4 cxd4 5.cxd4 d6 6.Nf3 Nc6 7.Bc4 e6 8.O-O Be7
9.Qe2 O-O 10.Nc3 Nxc3 11.bxc3 dxe5 12.dxe5 b6 13.Qe4 Qc7 14.Bd3 g6 15.Bh6 Rd8
16.Rad1 Bb7 17.Qf4 Rd7 18.Be4 Rad8 19.Rxd7 Rxd7 20.h4 f5 21.Bxf5 Nd8 22.Be4 Bxe4
23.Qxe4 Nf7 24.Be3 Ba3 25.Qg4 Nxe5 26.Qxe6+ Nf7 27.Bf4 Re7 28.Qf6 Qc4 29.Rd1 Re6
30.Qd4 Re4 31.Qxc4 Rxc4 32.Be3 Nd6 33.Bd4 Kf8 34.Rd3 Bb2 35.Bf6 Kf7  1/2-1/2

[Event "AUT-ch"]
[Site "AUT"]
[Date "1979.??.??"]
[Round "2"]
[White "Beni, Alfred"]
[Black "Herzog, Adolf"]
[Result "0-1"]
[WhiteElo "2225"]
[BlackElo "2210"]

1.e4 c5 2.c3 Nf6 3.e5 Nd5 4.d4 cxd4 5.Qxd4 e6 6.Nf3 Nc6 7.Qe4 f5 8.exf6 Nxf6
9.Qc2 Be7 10.Bg5 O-O 11.Nbd2 d5 12.Bd3 h6 13.Bh4 e5 14.O-O-O Qa5 15.Qb3 Kh8
16.Bb1 Be6 17.Qc2 Bg8 18.Rhe1 Rac8 19.Nxe5 Nxe5 20.Rxe5 Bh7 21.Nb3 Qa4 22.Qe2 Bxb1
23.Kxb1 Qxh4 24.g3 Qxh2 25.Rxe7 Ng8 26.f4 Qxg3 27.Rxb7 Rxf4 28.Qe6 Rcf8 29.Qxd5 Rf1
30.a3 R8f5 31.Qd7 Rf7 32.Rxf1 Rxd7 33.Rxd7 Nf6 34.Rdd1 h5 35.Nd4 Ne4 36.Nf5 Qb8
37.Rf3 Qb5 38.Nd4 Qg5 39.Ka1 Qg2 40.Rf8+ Kh7 41.Rf5 Qg4 42.Rff1 h4 43.Nf5 h3
44.Rd7 Ng3 45.Nxg3 Qxd7 46.Nh1 g5 47.c4 g4 48.Rc1 Qd2 49.Kb1 g3 50.Nxg3 Qd3+
51.Ka2 Qxg3 52.c5 h2 53.c6 Qg1  0-1

[Event "AUT-ch"]
[Site "AUT"]
[Date "1979.??.??"]
[Round "4"]
[White "Gasteiger, H."]
[Black "Keuschnig, Siegfried"]
[Result "1-0"]
[WhiteElo "2200"]
[BlackElo "2200"]

1.e4 c5 2.c3 Nf6 3.e5 Nd5 4.d4 e6 5.Bc4 Nb6 6.Bb3 Nc6 7.dxc5 Bxc5 8.Bf4 Ne7
9.Nd2 d5 10.Qg4 Nf5 11.Ne2 h5 12.Qf3 g5 13.Be3 Nh4 14.Qg3 Bxe3 15.fxe3 Nf5
16.Qf2 Qc7 17.e4 dxe4 18.Nxe4 Qxe5 19.Nxg5 Nd6 20.Rd1 Qxg5 21.Rxd6 Qe5 22.O-O Rf8
23.Rd3 Bd7 24.Re3 Qd6 25.Rd1 Qc7 26.Qh4 Qd8 27.Qxh5 Qe7 28.Qa5 Rg8 29.Re5 Qf6
30.Qc5 Rc8 31.Qe3 Nc4 32.Bxc4 Rxc4 33.Nd4 Qg6 34.Qe2 Ra4 35.b3 Ra6 36.Re3 Qh6
37.Nf5 Qf4 38.Rf3 Qg4 39.Nd4 Qg6 40.Rg3 Qh7 41.Rxg8+ Qxg8 42.Qe5 Qg4 43.Rd2 Ke7
44.h3 Qg6 45.Nf3 Rxa2 46.Qd6+ Kf6 47.Qd4+ Ke7 48.Qxd7+ Kf8 49.Qd8+ Kg7 50.Qd4+ Kg8
51.Qd3 Ra1+ 52.Kh2  1-0

[Event "URS-ch otbor"]
[Site "Beltsy"]
[Date "1979.??.??"]
[Round "?"]
[White "Vorotnikov, Vladislav V"]
[Black "Vitolinsh, Alvis"]
[Result "0-1"]
[WhiteElo "2410"]
[BlackElo "2430"]

1.e4 c5 2.c3 Nf6 3.e5 Nd5 4.d4 cxd4 5.Qxd4 e6 6.Nf3 Nc6 7.Qe4 Nde7 8.Na3 d5
9.exd6 Nf5 10.Nb5 Nxd6 11.Nxd6+ Bxd6 12.Bc4 Qc7 13.O-O Bd7 14.Qh4 Ne7 15.Bd3 O-O-O
16.Be3 Nd5 17.Qc4 Nxe3 18.Qxc7+ Bxc7 19.fxe3 f6 20.Rad1 Bb6 21.Kf2 e5 22.Bc4 Bc6
23.Be6+ Kc7 24.c4 Rhe8 25.Bf7 Rf8 26.Bd5 Bxd5 27.cxd5 Kd6 28.Ke2 Rc8 29.e4 Rc4
30.Kd3 Ra4 31.a3 f5 32.Ng5 h6 33.Ne6 fxe4+ 34.Ke2 Rxf1 35.Kxf1 e3 36.g3 Rc4
37.Nxg7 Rc2 38.Nf5+ Kd7 39.Ke1 Rxb2 40.Rc1 Ba5+  0-1

[Event "URS-ch otbor"]
[Site "Beltsy"]
[Date "1979.??.??"]
[Round "?"]
[White "Vasiukov, Evgeni"]
[Black "Sideif Sade, Fikret I"]
[Result "0-1"]
[WhiteElo "2560"]
[BlackElo "2320"]

1.e4 c5 2.c3 Nf6 3.e5 Nd5 4.d4 cxd4 5.Qxd4 e6 6.Nf3 Nc6 7.Qe4 Qc7 8.Nbd2 Nde7
9.Nc4 Ng6 10.Bf4 f6 11.O-O-O b5 12.Nd6+ Bxd6 13.exd6 Qa5 14.Nd4 Qxa2 15.Bxb5 Rb8
16.Nxe6 Rxb5 17.Nc7+ Kd8 18.Nxb5 Re8 19.Qc2 Nxf4 20.Rhe1 Ne5 21.Re3 Qa1+
22.Qb1 Nfd3+ 23.Kd2 Qxb2+ 24.Qxb2 Nxb2 25.Rg3 Nec4+ 26.Kc1 Nxd1 27.Kxd1 Re6
28.Nd4 Rxd6 29.Rxg7 Rd5 30.Rxh7 Ne5 31.Rh8+ Kc7 32.h4 Nc6 33.Kc2 Nxd4+ 34.cxd4 Rxd4
35.Kc3 Rf4 36.f3 a5 37.h5 Rh4 38.Rf8 Rxh5 39.Rxf6 Bb7  0-1

[Event "URS-ch otbor"]
[Site "Beltsy"]
[Date "1979.??.??"]
[Round "?"]
[White "Vasiukov, Evgeni"]
[Black "Gufeld, Eduard"]
[Result "1-0"]
[WhiteElo "2560"]
[BlackElo "2530"]

1.e4 c5 2.c3 Nf6 3.e5 Nd5 4.d4 cxd4 5.Qxd4 e6 6.Nf3 Nc6 7.Qe4 Nde7 8.Na3 d5
9.exd6 Nf5 10.Bf4 Bxd6 11.O-O-O Bxf4+ 12.Qxf4 Qf6 13.Bb5 O-O 14.Bxc6 bxc6
15.Ne5 c5 16.Nac4 Qe7 17.g4 Nh4 18.Nc6 Qf6 19.Qxf6 gxf6 20.Ne7+ Kg7 21.Nxc8 Rfxc8
22.Rd7 Rd8 23.Rhd1 Rxd7 24.Rxd7 Nf3 25.h3 h5 26.gxh5 Ne5 27.h6+ Kg6 28.Nxe5+ fxe5
29.Rc7 Rh8 30.Rxc5 Kf6 31.Ra5 Rxh6 32.Rxa7 Rxh3 33.Kd2 e4 34.a4 Rh1 35.b4 Kg6
36.a5 f5 37.b5 f4 38.b6 Rb1 39.Re7 Kf6 40.Re8 Kf7 41.Rh8 Kg7 42.Kc2  1-0

[Event "URS-ch otbor"]
[Site "Beltsy"]
[Date "1979.??.??"]
[Round "?"]
[White "Dorfman, Josif D"]
[Black "Zaichik, Gennadi"]
[Result "1-0"]
[WhiteElo "2595"]
[BlackElo "2465"]

1.e4 c5 2.c3 Nf6 3.e5 Nd5 4.d4 cxd4 5.Nf3 Nc6 6.Bc4 e6 7.cxd4 d6 8.O-O Be7
9.exd6 Qxd6 10.Nc3 O-O 11.Re1 Nxc3 12.bxc3 b6 13.h4 Bb7 14.Ng5 Bxg5 15.Bxg5 Rfc8
16.Bd3 Ne7 17.Rc1 h6 18.Bd2 Nd5 19.Re4 Nf6 20.Re3 Rd8 21.Rg3 Kf8 22.Be3 Rac8
23.c4 e5 24.d5 Ba6 25.Qa4 Nxd5 26.c5 Nxe3 27.cxd6 Rxc1+ 28.Kh2 Bxd3 29.Rxe3 e4
30.Qxa7 Rxd6 31.f3 f5 32.fxe4 Bxe4 33.Rg3 g6 34.Qh7 Rc2 35.Qxh6+ Ke7 36.h5 Rdd2
37.Qg7+ Kd8 38.Rxg6  1-0

[Event "Copenhagen AS04"]
[Site "Copenhagen"]
[Date "1979.??.??"]
[Round "3"]
[White "Westerinen, Heikki MJ"]
[Black "Kristiansen, Jens"]
[Result "1/2-1/2"]
[WhiteElo "2465"]
[BlackElo "2365"]

1.e4 c5 2.c3 Nf6 3.e5 Nd5 4.d4 cxd4 5.cxd4 d6 6.Nf3 Nc6 7.exd6 Bg4 8.Nc3 Qxd6
9.Be2 e6 10.O-O Be7 11.h3 Bxf3 12.Bxf3 O-O 13.Nxd5 exd5 14.Be3 Bf6 15.Rc1 Rac8
16.Qb3 Nxd4 17.Bxd4 Bxd4 18.Qxb7  1/2-1/2

[Event "Dubna"]
[Site "Dubna"]
[Date "1979.??.??"]
[Round "?"]
[White "Sveshnikov, Evgeny"]
[Black "Ungureanu, Emil"]
[Result "0-1"]
[WhiteElo "2545"]
[BlackElo "2405"]

1.e4 c5 2.c3 Nf6 3.e5 Nd5 4.d4 cxd4 5.Qxd4 e6 6.Nf3 Nc6 7.Qe4 f5 8.Qe2 Qc7
9.g3 d6 10.exd6 Bxd6 11.Bg2 O-O 12.O-O Qf7 13.Rd1 Bc7 14.c4 Nf6 15.Nc3 Qh5
16.b3 f4 17.Ba3 Rf7 18.Nb5 fxg3 19.hxg3 e5 20.Bd6 Ba5 21.b4 Bg4 22.Qe3 e4
23.Ng5 Bxd1 24.Nxf7 Kxf7 25.bxa5 Bf3 26.Bxf3 exf3 27.Nc7 Nd4 28.Qe7+ Kg8
29.Nxa8 Ne2+ 30.Qxe2 fxe2 31.g4 Qxg4+ 32.Bg3 h5  0-1

[Event "Kecskemet"]
[Site "Kecskemet"]
[Date "1979.??.??"]
[Round "4"]
[White "Groszpeter, Attila"]
[Black "Rajna, George"]
[Result "1-0"]
[WhiteElo "2375"]
[BlackElo "2370"]

1.e4 c5 2.c3 Nf6 3.e5 Nd5 4.d4 cxd4 5.Qxd4 e6 6.Nf3 Nc6 7.Qe4 d6 8.Nbd2 Bd7
9.Nc4 Nxc3 10.bxc3 d5 11.Qf4 dxc4 12.Ng5 f6 13.exf6 Qxf6 14.Qxc4 Rc8 15.Ne4 Qe5
16.Qe2 Na5 17.f4 Qd5 18.g3 Be7 19.Bg2 Bb5 20.Qg4 Qd3 21.Bd2 Nc4 22.Qh5+ g6
23.Qxb5+ Kf7 24.Qb1 Qd7 25.Qc2 Na3 26.Qd1 Qd3 27.Rc1 Rhd8 28.Qe2 Nc2+ 29.Kf2 Bc5+
30.Nxc5 Qxd2 31.Rxc2 Qxe2+ 32.Kxe2  1-0

[Event "Kecskemet"]
[Site "Kecskemet"]
[Date "1979.??.??"]
[Round "7"]
[White "Cibulka, Vladimir"]
[Black "Kormanyos, Zoltan"]
[Result "1/2-1/2"]
[WhiteElo "2320"]
[BlackElo "2200"]

1.e4 c5 2.c3 Nf6 3.e5 Nd5 4.d4 cxd4 5.Nf3 Nc6 6.cxd4 d6 7.Bc4 e6 8.Nc3 dxe5
9.dxe5 Nxc3 10.bxc3 Qxd1+ 11.Kxd1 Bc5 12.Ke2 O-O 13.Be3 Bxe3 14.Kxe3 Rd8
15.Rhd1 Bd7 16.Rac1 Kf8 17.Bd3 Ke7 18.c4 Rac8 19.Rb1 Na5 20.Nd2 Bc6 21.Nb3 Nxb3
22.axb3 a6 23.g3 h6 24.Be2 Rxd1 25.Rxd1 Rd8 26.Rxd8 Kxd8 27.b4 Kc7 28.Kd4 Kb6
29.c5+ Kc7 30.f4 g6 31.h4 h5 32.g4 hxg4 33.Bxg4 Kd8 34.Be2 Kd7 35.Kc3 Kd8
36.Bc4 Ke7 37.Kd4 Ke8 38.Bd3 Kd7 39.Ke3 Ke7 40.Kf2 Kf8 41.Be2 Kg7 42.Kg3 Kh7
43.Kg4 Ba4 44.Kf3 Kg7 45.Ke3 Bc6 46.Kd4 Kf8 47.h5 gxh5 48.Bxh5 Ke7 49.Bg4 Ke8
50.f5 exf5 51.Bxf5 Ke7 52.Bg4 f6 53.Bf5 fxe5+ 54.Kxe5 Bf3  1/2-1/2

[Event "Lone Pine op"]
[Site "Lone Pine"]
[Date "1979.??.??"]
[Round "3"]
[White "Chandler, Murray G"]
[Black "Rajkovic, Dusan"]
[Result "1-0"]
[WhiteElo "2380"]
[BlackElo "2460"]

1.e4 c5 2.c3 Nf6 3.e5 Nd5 4.d4 cxd4 5.Nf3 Nc6 6.cxd4 d6 7.Bc4 Nb6 8.Bb5 dxe5
9.Nxe5 Bd7 10.Nc3 e6 11.Qg4 Nxe5 12.dxe5 Bxb5 13.Nxb5 a6 14.Nd6+ Bxd6 15.exd6 O-O
16.Bf4 Qf6 17.O-O Qg6 18.Qe2 Nd5 19.Bg3 Rad8 20.Rfe1 Rd7 21.Rad1 h6 22.Rd4 Rc8
23.Rc4 Re8 24.Qd2 Kh7 25.h3 Nf6 26.Be5 Red8 27.Bg3 Ne8 28.Rd4 Qf5 29.Bh4 f6
30.g4 Qc5 31.Rxe6 Kg8 32.Bg3 Kf7 33.Qe3 Nxd6 34.Rexd6 Rxd6 35.Rxd6  1-0

[Event "Marshall op"]
[Site "New York"]
[Date "1979.??.??"]
[Round "4"]
[White "Gruchacz, Robert"]
[Black "Zuckerman, Bernard"]
[Result "1/2-1/2"]
[WhiteElo "2355"]
[BlackElo "2480"]

1.e4 c5 2.c3 Nf6 3.e5 Nd5 4.d4 cxd4 5.cxd4 d6 6.Nf3 Nc6 7.Bc4 Nb6 8.Bb5 dxe5
9.Nxe5 Bd7 10.Nc3 e6 11.Qg4 h5 12.Qe4 Nxe5 13.dxe5 Bxb5 14.Nxb5 Nd5 15.O-O Qd7
16.Nd4  1/2-1/2

[Event "Marshall op"]
[Site "New York"]
[Date "1979.??.??"]
[Round "6"]
[White "Chandler, Murray G"]
[Black "Gruchacz, Robert"]
[Result "1-0"]
[WhiteElo "2380"]
[BlackElo "2355"]

1.e4 c5 2.c3 Nf6 3.e5 Nd5 4.d4 cxd4 5.Nf3 Nc6 6.cxd4 d6 7.Bc4 Nb6 8.Bb5 dxe5
9.Nxe5 Bd7 10.Nc3 e6 11.Bxc6 Bxc6 12.Nxc6 bxc6 13.Qg4 h5 14.Qe4 Nd5 15.O-O Be7
16.Bf4 Nxf4 17.Qxf4 O-O 18.Qf3 g6 19.Rfd1 Rc8 20.Rac1 Qa5 21.a3 Rfd8 22.Rc2 Kg7
23.g3 Rc7 24.Kg2 Rcd7 25.Qxc6 Rxd4 26.Rxd4 Rxd4 27.Nb5 Rd5 28.Qc3+ Qxc3 29.Nxc3 Rc5
30.Rd2 Rc7 31.Rd3 Bf6 32.Na4 Rc4 33.b3 Rd4 34.Nc5 Rxd3 35.Nxd3 Kf8 36.f4 Be7
37.b4 f6 38.Kf3 Ke8 39.Ke4 Kd7 40.Kd4 Kc6 41.Kc4 Bd6 42.a4 Bc7 43.a5 Bb8
44.Nc5 e5 45.b5+ Kd6 46.fxe5+ Ke7 47.exf6+ Kf7 48.Nd7 Bc7 49.b6 Bxb6 50.Nxb6 Kxf6
51.a6  1-0

[Event "Marshall op"]
[Site "New York"]
[Date "1979.??.??"]
[Round "7"]
[White "Evans, Larry D"]
[Black "Meyer, J."]
[Result "0-1"]
[WhiteElo "2375"]
[BlackElo "2365"]

1.e4 c5 2.c3 Nf6 3.e5 Nd5 4.d4 cxd4 5.cxd4 d6 6.Nf3 Nc6 7.Nc3 Nxc3 8.bxc3 e6
9.Bd3 dxe5 10.dxe5 Qa5 11.O-O Nxe5 12.Nxe5 Qxe5 13.Re1 Qc7 14.Rb1 Bd6 15.Qh5 Bd7
16.Be4 Rb8 17.Be3 b6 18.Bd4 Kf8 19.Re3 Be8 20.Qg5 e5 21.Rg3 f6 22.Rf3 Bf7
23.Rxf6 exd4 24.Rf3 Qe7 25.Qh5 Rd8 26.Bd5 Bxh2+ 27.Kh1 Rxd5 28.Qxd5 Bc7 29.Qxd4 h5
30.Rd1 Rh6 31.Qc4 Re6 32.g3 Kg8 33.Kg2 Rd6 34.Qa4 Rxd1 35.Qxd1 Qe4  0-1

[Event "Marshall op"]
[Site "New York"]
[Date "1979.??.??"]
[Round "9"]
[White "Boskovic, Milorad"]
[Black "Meyer, E."]
[Result "0-1"]
[WhiteElo "2255"]
[BlackElo "2360"]

1.e4 c5 2.c3 Nf6 3.e5 Nd5 4.d4 cxd4 5.Nf3 Nc6 6.cxd4 d6 7.exd6 Qxd6 8.Nc3 Bg4
9.Be2 e6 10.O-O Be7 11.Re1 O-O 12.Ne5 Bxe2 13.Rxe2 Rac8 14.Nxd5 Qxd5 15.Be3 Rfd8
16.Nxc6 Rxc6 17.a3 f5 18.Rc1 Bf6 19.Rxc6 bxc6 20.Rd2 Qe4 21.Qc2 Qd5 22.f4 a5
23.Kf2 Rb8 24.Rd3 Kf7 25.b3 Qe4 26.Qd1 g6 27.Rd2 Be7 28.a4 g5 29.g3 g4 30.Rd3 Rd8
31.Rd2 Bf6 32.h4 gxh3 33.Qh5+ Kg7 34.Qxh3 Bxd4 35.Bxd4+ Rxd4 36.Re2 Qd5 37.Qh4 Qc5
38.Qg5+ Kf7 39.Qh5+ Ke7 40.Kg2 Rd1 41.Rxe6+ Kxe6 42.Qxd1 Qd5+ 43.Qxd5+ cxd5
44.Kf3 d4 45.Ke2 Kd5 46.Kd2 Kc5 47.Kd3 h5 48.Kd2 Kb4 49.Kc2 Ka3 50.Kd3 Kxb3
51.Kxd4 Kxa4 52.Kc4 Ka3 53.Kc3 a4 54.Kc2 Kb4  0-1

[Event "Novi Sad"]
[Site "Novi Sad"]
[Date "1979.??.??"]
[Round "?"]
[White "Buljovcic, Ivan"]
[Black "Browne, Walter S"]
[Result "1/2-1/2"]
[WhiteElo "2430"]
[BlackElo "2540"]

1.e4 c5 2.c3 Nf6 3.e5 Nd5 4.d4 cxd4 5.Qxd4 e6 6.Nf3 Nc6 7.Qe4 d6 8.Nbd2 Bd7
9.Nc4 Nxc3 10.bxc3 d5 11.Qf4 dxc4 12.Bxc4 Be7 13.Bd3 Qa5 14.Bd2 g5 15.Nxg5 Nxe5
16.Be2 Bc6 17.c4 Bb4 18.Bxb4 Qxb4+ 19.Kf1 Qb2 20.Re1 Rg8 21.Bf3 Rxg5 22.Qxg5 Nd3
23.Rxe6+ Kf8 24.Qh6+ Kg8 25.Qg5+ Kf8 26.Qh6+ Kg8 27.Qg5+  1/2-1/2

[Event "Novi Sad"]
[Site "Novi Sad"]
[Date "1979.??.??"]
[Round "?"]
[White "Buljovcic, Ivan"]
[Black "Deze, Anton"]
[Result "0-1"]
[WhiteElo "2430"]
[BlackElo "2415"]

1.e4 c5 2.c3 Nf6 3.e5 Nd5 4.d4 cxd4 5.Nf3 Nc6 6.cxd4 d6 7.Bc4 Nb6 8.Bb5 dxe5
9.Nxe5 Bd7 10.Bxc6 Bxc6 11.Nxc6 bxc6 12.Nc3 g6 13.Bf4 Bg7 14.Qf3 O-O 15.Be5 f6
16.Bg3 Qxd4 17.Qxc6 f5 18.O-O Qc4 19.Qxc4+ Nxc4 20.Nd5 Bxb2 21.Rab1 e5 22.Rfe1 Rab8
23.Ne7+ Kg7 24.Nc6 f4 25.Nxb8 fxg3 26.hxg3 Rxb8 27.Re2 Kf6 28.Rc2 Rb4 29.Kf1 a5
30.Rxc4 Rxc4 31.Rxb2 a4 32.Ke2 Rc1 33.f3 a3 34.Rd2 Rb1 35.Kd3 Kf5 36.Kc2 Rb5
37.Kd3 h5 38.Ke3 Rb2 39.Kd3 Rb1 40.Kc2 Rb5 41.Kc1 e4 42.Re2 exf3 43.gxf3 g5
44.Re4 Rb2 45.Ra4 Rxa2 46.Ra5+ Kf6 47.Ra6+ Ke7 48.Ra7+ Kd6 49.Ra6+ Kd7 50.Ra7+ Kc6
51.Ra5 h4 52.gxh4 gxh4 53.Kb1 Rb2+ 54.Ka1 h3  0-1

[Event "Pellestrina-A"]
[Site "Pellestrina"]
[Date "1979.??.??"]
[Round "2"]
[White "Rosino, Antonio"]
[Black "Paniagua, Roberto"]
[Result "1/2-1/2"]
[WhiteElo "2290"]
[BlackElo "2210"]

1.e4 c5 2.c3 Nf6 3.e5 Nd5 4.d4 cxd4 5.cxd4 Nc6 6.Nf3 d6 7.Be2 e6 8.O-O Be7
9.exd6 Bxd6 10.Nc3 O-O 11.Bg5 Nxc3 12.bxc3 Qc7 13.Bd3 Ne7 14.Rc1 Ng6 15.Re1 b6
16.Bxg6 hxg6 17.Bh4 Bb7 18.Bg3 Bxg3 19.hxg3  1/2-1/2

[Event "Snekkersten"]
[Site "Snekkersten"]
[Date "1979.??.??"]
[Round "2"]
[White "Christensen, Stefan"]
[Black "Larsen, Ole"]
[Result "1/2-1/2"]
[WhiteElo "2200"]
[BlackElo "2200"]

1.e4 c5 2.c3 Nf6 3.e5 Nd5 4.d4 cxd4 5.Qxd4 e6 6.Nf3 Nc6 7.Qe4 d6 8.Nbd2 dxe5
9.Nxe5 Nxe5 10.Qxe5 Bd7 11.Bd3 Qc7 12.Nc4 O-O-O 13.Qxc7+ Kxc7 14.Bg5 f6 15.Bh4 e5
16.Bg3 Ba4 17.Be4 g6 18.Nxe5 Bd6 19.Bxd5 Bxe5 20.Bxe5+ fxe5 21.c4 Bc6 22.Bxc6 Kxc6
23.Ke2 Rd4 24.b3 Rf8 25.Rae1 Re4+ 26.Kd3 Rg4 27.g3 Rxf2 28.Ref1 Rd4+ 29.Kc3 Rxa2
30.Rf6+ Rd6 31.Rf7 Rd7 32.Rf6+ Kc7 33.Re6 a5 34.Rxe5 Rdd2 35.Rxa5 Rac2+  1/2-1/2

[Event "Sochi"]
[Site "Sochi"]
[Date "1979.??.??"]
[Round "?"]
[White "Sveshnikov, Evgeny"]
[Black "Gufeld, Eduard"]
[Result "1-0"]
[WhiteElo "2545"]
[BlackElo "2530"]

1.e4 c5 2.c3 Nf6 3.e5 Nd5 4.d4 cxd4 5.Nf3 Nc6 6.cxd4 d6 7.Bc4 e6 8.O-O Be7
9.Qe2 O-O 10.Qe4 b6 11.h4 Bb7 12.Qg4 Kh8 13.Bxd5 exd5 14.Nc3 dxe5 15.dxe5 f6
16.exf6 Bxf6 17.Bg5 Bc8 18.Qg3 Bf5 19.Rad1 d4 20.Rfe1 Bc2 21.Rd2 d3 22.Re4 Qd7
23.Ne1 Bxc3 24.bxc3 Qd5 25.Re3 Qxa2 26.Nxd3 Qa1+ 27.Ne1 Bg6 28.Rd7 Rae8 29.h5 Rxe3
30.fxe3 Be8 31.Bh6 Qxe1+ 32.Qxe1 Bxd7 33.Qd1 Be8 34.Bf4 h6 35.g4 a5 36.Qb3 Bd7
37.Qxb6 a4 38.Bd6 Ra8 39.Ba3 Ne5 40.Qb7 Re8 41.c4 Bxg4 42.Bb2 Bxh5 43.c5 a3
44.Bxa3 Nc4 45.Qd5 Be2 46.Bb4 Nxe3 47.Qd4 Bb5 48.Bc3 Nf5 49.Qd5 Re3 50.c6 Rxc3
51.Qxb5 Ne7 52.Qb8+ Kh7 53.c7 Kg6 54.Qb4 Rc1+ 55.Kf2 Rc2+ 56.Ke1 Kf6 57.Qb6+ Ke5
58.Qe3+ Kf6 59.Qd3 Ra2 60.Qc3+ Kg6 61.Qe5 Kf7 62.c8=Q  1-0

[Event "Stary Smokovec"]
[Site "Stary Smokovec"]
[Date "1979.??.??"]
[Round "?"]
[White "Novak, Ivan"]
[Black "Banas, Jan"]
[Result "1/2-1/2"]
[WhiteElo "2340"]
[BlackElo "2395"]

1.e4 c5 2.c3 Nf6 3.e5 Nd5 4.d4 cxd4 5.Nf3 Nc6 6.cxd4 d6 7.Bc4 dxe5 8.Nxe5 e6
9.O-O Be7 10.Qg4 O-O 11.Rd1 Nf6 12.Nxc6 Nxg4 13.Nxd8 Rxd8 14.Nc3 Nf6 15.Bf4 Nd5  1/2-1/2

[Event "Stary Smokovec"]
[Site "Stary Smokovec"]
[Date "1979.??.??"]
[Round "?"]
[White "Moehring, Guenther"]
[Black "Banas, Jan"]
[Result "1/2-1/2"]
[WhiteElo "2400"]
[BlackElo "2395"]

1.e4 c5 2.c3 Nf6 3.e5 Nd5 4.d4 cxd4 5.Nf3 Nc6 6.cxd4 d6 7.Bc4 dxe5 8.dxe5 Ndb4
9.O-O Qxd1 10.Rxd1 Bg4 11.e6 fxe6 12.Nc3 g6 13.Nb5 Rc8 14.Bf4 Bxf3 15.gxf3 Nd5
16.Bxd5 exd5 17.Rxd5 Bg7 18.Nc7+ Kf7 19.Re1 Rhd8 20.Rxd8 Nxd8 21.b3 a6 22.Bg3 Nc6
23.Ne6 Bf6 24.Re4 Ne5  1/2-1/2

[Event "DDR-ch 28th"]
[Site "Suhl"]
[Date "1979.??.??"]
[Round "10"]
[White "Braun, Gottfried"]
[Black "Tischbierek, Raj"]
[Result "1/2-1/2"]
[WhiteElo "2360"]
[BlackElo "2315"]

1.e4 c5 2.c3 Nf6 3.e5 Nd5 4.d4 cxd4 5.Nf3 Nc6 6.cxd4 d6 7.Bc4 Nb6 8.Bb5 dxe5
9.Nxe5 Bd7 10.Nxd7 Qxd7 11.Nc3 e6 12.O-O a6 13.Bxc6 Qxc6 14.Qg4 h5 15.Qe2 Be7
16.Be3 h4 17.h3 Nd5 18.Rac1 Nxc3 19.Rxc3 Qe4 20.Rfc1 O-O 21.Qc2 Qxc2 22.R1xc2 Bf6
23.Rc7 b5 24.Rd7 Rfd8 25.Rxd8+ Rxd8 26.Kf1 Bxd4 27.Bg5 f6 28.Bxh4 Be5 29.Ke2 Rd4
30.Bg3  1/2-1/2

[Event "DDR-ch 28th"]
[Site "Suhl"]
[Date "1979.??.??"]
[Round "12"]
[White "Babrikowski, Peter"]
[Black "Hesse, Peter"]
[Result "1/2-1/2"]
[WhiteElo "2320"]
[BlackElo "2420"]

1.e4 c5 2.c3 Nf6 3.e5 Nd5 4.d4 cxd4 5.Nf3 Nc6 6.cxd4 d6 7.Bc4 e6 8.O-O Be7
9.Qe2 O-O 10.Nc3 Nxc3 11.bxc3 dxe5 12.dxe5 b6 13.Bd3 Bb7 14.Qe4 g6 15.Bh6 Re8
16.Rad1 Qc7 17.Qf4 Bf8 18.Rfe1 Ne7 19.Ng5 Nd5 20.Qh4 Be7 21.c4 Nb4 22.Qf4 f5
23.Bf1 Bc5 24.h4 Rad8 25.h5 Nc6 26.Rxd8 Nxd8 27.Qg3 Bf8 28.Bxf8 Rxf8 29.hxg6 hxg6
30.Rd1 Bc8 31.Rd4 Kg7 32.Rh4 Rh8 33.Rxh8 Kxh8 34.Qh4+ Kg8 35.Nh7 Nf7 36.Nf6+ Kf8
37.f4 Bd7 38.Qh7 Ke7 39.Ng8+ Kf8 40.Nf6 Ke7 41.Ng8+ Ke8 42.Nf6+  1/2-1/2

[Event "URS-ch (Women)"]
[Site "Tbilisi"]
[Date "1979.??.??"]
[Round "11"]
[White "Popivoda, Radimia"]
[Black "Semenova, Lidia K"]
[Result "1/2-1/2"]
[WhiteElo "2000"]
[BlackElo "2245"]

1.e4 c5 2.c3 Nf6 3.e5 Nd5 4.d4 cxd4 5.cxd4 Nc6 6.Nf3 d6 7.Bc4 Nb6 8.Bb5 dxe5
9.Nxe5 Bd7 10.Bxc6 Bxc6 11.Nxc6 bxc6 12.O-O e6 13.Bf4 Bd6 14.Be5 Bxe5 15.dxe5 Qxd1
16.Rxd1 Nc4 17.f4 Nxb2 18.Rd2 Na4 19.Na3 Ke7 20.Rc1 Rhc8 21.Rdc2 Kd7 22.Rd1+ Ke8
23.Rdc1 Nb6 24.Rxc6 Rxc6 25.Rxc6 Rd8 26.Rc2 Rd5 27.g3 g5 28.Nc4 Nxc4 29.Rxc4 Rd1+
30.Kg2 Rd2+ 31.Kh3 Rxa2 32.Rc8+ Ke7 33.Rh8 Rf2 34.fxg5 Rf5 35.Kg4 Rxe5 36.Rxh7 Kf8
37.g6  1/2-1/2

[Event "Warszawa Cup5-A"]
[Site "Warsaw"]
[Date "1979.??.??"]
[Round "11"]
[White "Barczay, Laszlo"]
[Black "Kirov, Nino"]
[Result "1/2-1/2"]
[WhiteElo "2470"]
[BlackElo "2420"]

1.e4 c5 2.c3 Nf6 3.e5 Nd5 4.d4 cxd4 5.Nf3 Nc6 6.cxd4 d6 7.Bc4 Nb6 8.Bb5 dxe5
9.Nxe5 Bd7 10.Bxc6 Bxc6 11.Nxc6 bxc6 12.O-O g6 13.Re1 Bg7 14.Bg5 O-O 15.Nc3 Qxd4
16.Qf3 e6 17.Qxc6 h6 18.Re4 Qd7 19.Qxd7 Nxd7 20.Be3 Rfd8 21.Na4 Nf6 22.Rc4 Nd5
23.Bd4 Bxd4 24.Rxd4  1/2-1/2

[Event "BCF-ch"]
[Site "Brighton"]
[Date "1980.08.08"]
[Round "5"]
[White "Henshaw, JC."]
[Black "Cummings, David H"]
[Result "0-1"]
[WhiteElo "2215"]
[BlackElo "2280"]

1.e4 c5 2.c3 Nf6 3.e5 Nd5 4.Nf3 Nc6 5.d4 cxd4 6.Bc4 Nb6 7.Bb3 d5 8.exd6 Qxd6
9.O-O e6 10.cxd4 Be7 11.Nc3 O-O 12.Be3 Nd5 13.Qe2 b6 14.Rad1 Bb7 15.Nxd5 exd5
16.Rfe1 Bf6 17.Bg5 Na5 18.Bxf6 Qxf6 19.Rc1 Nc6 20.Qd2 Rad8 21.Rc3 Rfe8 22.Rce3 Rxe3
23.Qxe3 g6 24.Ne5 Nxe5 25.dxe5 Qe7 26.Rd1 Qc5 27.Qd4 Qxd4 28.Rxd4 Kf8 29.f4 Ke7
30.Kf2 f6 31.exf6+ Kxf6 32.g3 Ke6 33.Rd2 Kd6 34.Bd1 Rc8 35.Bf3 Rc4 36.Bg2 Bc6
37.Bf1 Rc1 38.a3 a5 39.Bg2 Kc5 40.Bf3 a4 41.g4 Rc4 42.Kg3 d4 43.Be2 Rc1 44.Bd1 Be4
45.Bxa4 Rg1+ 46.Kh4 d3 47.Kg5 Kd4 48.h3 Ke3 49.Rd1 Rxd1 50.Bxd1 Kd2 51.Ba4 Kc1
52.f5 d2 53.f6 Bd5 54.Kh6 b5  0-1